| 000 -CABECERA |
| fixed length control field |
02662nam a22003737a 4500 |
| 003 - IDENTIFICADOR DEL NÚMERO DE CONTROL |
| control field |
AR-CdUCM |
| 008 - DATOS DE LONGITUD FIJA--INFORMACIÓN GENERAL |
| fixed length control field |
190425b ||||| |||| 00| 0 spa d |
| 040 ## - FUENTE DE LA CATALOGACIÓN |
| Agencia/entidad que catalogó originalmente la obra |
MUNICIPALIDAD PROVINCIAL DEL CUSCO |
| Entidad que transcribió la catalogación |
BIBLIOTECA MUNICIPAL DEL CUSCO |
| 082 ## - NÚMERO DE LA CLASIFICACIÓN DECIMAL DEWEY |
| No. de Clasificación |
Rev.Andi/N°39/2004 |
| 110 ## - ENTRADA PRINCIPAL--NOMBRE DE ENTIDAD CORPORATIVA |
| Nombre de la institución, jurisdicción como entrada principal |
Centro Bartolomé de Las Casas |
| 9 (RLIN) |
3293 |
| 245 ## - MENCIÓN DE TÍTULO |
| Título |
Revista andina / |
| Mención de responsabilidad |
Centro de estudios rurales andinos Bartolomé de Las Casas Cusco |
| 260 ## - PUBLICACIÓN, DISTRIBUCIÓN, ETC. |
| Lugar de publicación, distribución, etc. |
Cusco : |
| Nombre de la editorial, distribuidor, etc. |
Centro Bartolomé de Las Casas, |
| Fecha de publicación, distribución, etc. |
2004. |
| 300 ## - DESCRIPCIÓN FÍSICA |
| Nº de Páginas Extensión |
301 páginas. : |
| Dimensiones |
23 cm. |
| 440 ## - MENCIÓN DE SERIE/PUNTO DE ACCESO ADICIONAL--TÍTULO |
| Título |
Publicación Semestral del Centro Bartolomé de Las Casas Cusco. |
| Número de la parte/sección de una obra |
Número 39, Segundo semestre 2004. |
| 9 (RLIN) |
46459 |
| 505 ## - NOTA DE CONTENIDO CON FORMATO |
| Nota de contenido formateada |
Contenido: El observatorio de Machu Picchu redescubrimiento de Llactapata y su templo solar. J. McKim Malville, Hugh Thomson, Gary Ziegler. -- El wasichakuy de Marcapata. Ensayo de interpretación de una “costumbre” andina. Pablo Federico Sendón. -- Asambleas, negociaciones y autoridades locales en las tradiciones orales del Manuscrito de Huarochirí. Gabriela Sternfeld. -- Migraciones en los Andes Meridionales. El caso de los atacameños en Santa María durante la segunda mitad del siglo XVIII. Lorena B. Rodríguez. -- Una relación contradictoria: élites y control social en Lima durante los inicios de la república. Pablo Whipple Morán. -- Entre intereses estatales y estrategias de control: el paisaje como aproximación teórico-metodológica. Silvina A. Vigliani. -- El impacto de la colonización inka en la vida social de las comunidades del valle Calchaquí norte. Acuto, Aranda, Jacob, Luna, Sprovieri. -- ¿Reyes o indios? Cabildos, repúblicas y autonomía en el Perú y México coloniales 1770-1812. Claudia Guarisco. -- El lenguaje como parodia: instancias del uso particular del quechua de Guaman Poma y de Pachacuti Yamqui. Sabine Dedenbach-Salazar Sáenz. -- La arquitectura ritual durante el período medio del noroeste argentino prehispánico. Inés Gordillo. |
| 650 ## - PUNTO DE ACCESO ADICIONAL DE MATERIA--TÉRMINO DE MATERIA |
| Descriptor |
Machupicchu |
| 9 (RLIN) |
1751 |
| 650 ## - PUNTO DE ACCESO ADICIONAL DE MATERIA--TÉRMINO DE MATERIA |
| Descriptor |
Cultura andina |
| 9 (RLIN) |
46460 |
| 650 ## - PUNTO DE ACCESO ADICIONAL DE MATERIA--TÉRMINO DE MATERIA |
| Descriptor |
Migracion |
| 9 (RLIN) |
7472 |
| 650 ## - PUNTO DE ACCESO ADICIONAL DE MATERIA--TÉRMINO DE MATERIA |
| Descriptor |
Inkas |
| 9 (RLIN) |
1899 |
| 650 ## - PUNTO DE ACCESO ADICIONAL DE MATERIA--TÉRMINO DE MATERIA |
| Descriptor |
Arquitectura inka |
| 9 (RLIN) |
45226 |
| 650 ## - PUNTO DE ACCESO ADICIONAL DE MATERIA--TÉRMINO DE MATERIA |
| Descriptor |
Elites |
| 9 (RLIN) |
46461 |
| 700 ## - PUNTO DE ACCESO ADICIONAL--NOMBRE DE PERSONA |
| Nombre Personal |
Malville, McKim |
| 9 (RLIN) |
46462 |
| 700 ## - PUNTO DE ACCESO ADICIONAL--NOMBRE DE PERSONA |
| Nombre Personal |
Sendón, Pablo Federico |
| 9 (RLIN) |
46463 |
| 700 ## - PUNTO DE ACCESO ADICIONAL--NOMBRE DE PERSONA |
| Nombre Personal |
Sternfeld, Gabriela |
| 9 (RLIN) |
46464 |
| 700 ## - PUNTO DE ACCESO ADICIONAL--NOMBRE DE PERSONA |
| Nombre Personal |
Rodríguez, Lorena |
| 9 (RLIN) |
46465 |
| 700 ## - PUNTO DE ACCESO ADICIONAL--NOMBRE DE PERSONA |
| Nombre Personal |
Whipple Morán, Pablo |
| 9 (RLIN) |
46466 |
| 700 ## - PUNTO DE ACCESO ADICIONAL--NOMBRE DE PERSONA |
| Nombre Personal |
Vigliani, Silvina |
| 9 (RLIN) |
46467 |
| 700 ## - PUNTO DE ACCESO ADICIONAL--NOMBRE DE PERSONA |
| Nombre Personal |
Aranda, Acuto |
| 9 (RLIN) |
46468 |
| 700 ## - PUNTO DE ACCESO ADICIONAL--NOMBRE DE PERSONA |
| Nombre Personal |
Salazar Sáenz, Sabine Dedenbach |
| 9 (RLIN) |
46469 |
| 700 ## - PUNTO DE ACCESO ADICIONAL--NOMBRE DE PERSONA |
| Nombre Personal |
Gordillo, Inés |
| 9 (RLIN) |
46470 |
| 942 ## - ELEMENTOS DE PUNTO DE ACCESO ADICIONAL (KOHA) |
| Fuente de clasificación |
|
| Tipo de item |
Revistas cusqueñas |
| 945 ## - PROCESAMIENTO DE INFORMACIÓN LOCAL (OCLC) |
| Catalogador |
rac |